| 000 | 01124nam a2200217 a 4500 | ||
|---|---|---|---|
| 001 | 000003589 | ||
| 005 | 20200929150507.0 | ||
| 008 | 090711s2000 dr r 000 0 spa d | ||
| 040 |
_aDO-SdBNP _bspa _cBNPHU |
||
| 082 |
_axxxxx _bR426c |
||
| 110 | 1 |
_aRepública Dominicana. _bComisión Nacional de Seguimientos a los Acuerdos de la Conferencia de las Naciones Unidas sobre Medio Ambiente y Desarrollo _911056 |
|
| 245 | 1 | 0 |
_aConvenio sobre la diversidad biología y su protocolo de cartagena sobre seguridad de la biotecnología / _cFernando Mangual. |
| 260 |
_aSanto Domingo : _bConsejo de la Tierra, _c2000. |
||
| 300 |
_a96 p. ; _c21 cm. |
||
| 650 | 4 |
_aDiversidad biologíca _zRepública Dominicana _911057 |
|
| 700 | 1 |
_aMangual, Fernando _911058 |
|
| 710 | 1 |
_aRepública Dominicana. _bComisión Nacional de Seguimiento _911059 |
|
| 710 | 1 |
_aRepública Dominicana. _bFondo para el Medio Ambiente Mundial _911060 |
|
| 710 | 1 |
_aRepública Dominicana. _bPrograma de las Naciones Unidas para el Desarrollo _911061 |
|
| 710 | 1 |
_aRepública Dominicana. _bSecretariado Técnico de la Presidencia Oficina Nacional de Planificación _911062 |
|
| 999 |
_c3413 _d3413 |
||